| 000 | 00430 a2200157 4500 | ||
|---|---|---|---|
| 005 | 20250628171118.0 | ||
| 020 | _a0-07-231447-8 | ||
| 082 | _a658 BRI | ||
| 100 | _aBRICKLEY, J. A. | ||
| 245 | _aManagerial Economics and Organizational Architecture, | ||
| 250 | _a2nd Ed. | ||
| 260 |
_aNew York, _bMcGraw- Hill, _c2001. |
||
| 300 |
_axxiv, 616p,: ill.; figure _bGlossary & Index _c26cm |
||
| 700 | _aSMITH, C. W. | ||
| 942 |
_2ddc _cBKS |
||
| 999 |
_c6134 _d6134 |
||